000 01843 a2200253 4500
020 _a978-0-07-070275-2
082 _a621.381
090 _c1786
_d1786
100 _aMalvino, Albert
245 _aProblems and Solutions in Basic Electronics
_cAlbert Malvino and David J. Bates
260 _aNew Delhi
_bMcGraw Hill Education (India) Private Limited)
_c2011
300 _aMultiple Paging
942 _aSNS
_cBK
_k621.381 MAL
999 _c30392
_d30392